UBT Library

Proceedings of the Third International Conference on Precision Agriculture : (Record no. 40962)

000 -LEADER
fixed length control field 01011cam a2200265 a 4500
001 - CONTROL NUMBER
control field 2583115
005 - DATE AND TIME OF LATEST TRANSACTION
control field 20180125084546.0
008 - FIXED-LENGTH DATA ELEMENTS--GENERAL INFORMATION
fixed length control field 961223s1996 wiua b s100 0 eng d
010 ## - LIBRARY OF CONGRESS CONTROL NUMBER
LC control number 96080281
020 ## - INTERNATIONAL STANDARD BOOK NUMBER
International Standard Book Number 0891181326
035 ## - SYSTEM CONTROL NUMBER
System control number (OCoLC)36824239
040 ## - CATALOGING SOURCE
Original cataloging agency MnSU
Transcribing agency MnSU
Modifying agency DLC
041 ## - LANGUAGE CODE
Language code of text/sound track or separate title eng
042 ## - AUTHENTICATION CODE
Authentication code lccopycat
080 ## - UNIVERSAL DECIMAL CLASSIFICATION NUMBER
Universal Decimal Classification number 631 ROB
082 00 - DEWEY DECIMAL CLASSIFICATION NUMBER
Classification number 631 ROB
Edition number 21
100 ## - Rafti
Rafti 9
101 ## - Shkurtesa
Shkurtesa MJE
245 10 - TITLE STATEMENT
Title Proceedings of the Third International Conference on Precision Agriculture :
Statement of responsibility, etc editors P.C. Robert, R.H. Rust, and W.E. Larson ; conducted by the Precision Agriculture Center, Department of Soil, Water, and Climate, University of Minnesota.
246 18 - VARYING FORM OF TITLE
Title proper/short title Precision agriculture
504 ## - BIBLIOGRAPHY, ETC. NOTE
Bibliography, etc Includes bibliographical references.
906 ## - LOCAL DATA ELEMENT F, LDF (RLIN)
a 7
b cbc
c copycat
d 2
e opcn
f 19
g y-gencatlg
942 ## - ADDED ENTRY ELEMENTS (KOHA)
Source of classification or shelving scheme
Item type Books
Holdings
Withdrawn status Lost status Source of classification or shelving scheme Damaged status Not for loan Collection code Permanent location Current location Shelving location Date acquired Total Checkouts Full call number Barcode Date last seen Price effective from Koha item type
          Koleksioni i përgjithshem UBT - Lipjan UBT - Lipjan Koleksioni i përgjithshem 01/25/2018   631 ROB 002-2996542 01/25/2018 01/25/2018 Books
UBT Library © 2015-2024. All rights reserved University Education for Business and Technology